| 000 | 01424cam a2200301 i 4500 | ||
|---|---|---|---|
| 003 | SA-RiAUC | ||
| 005 | 20241009154714.0 | ||
| 008 | 241009s1999 su g 000 0 ara c | ||
| 040 |
_aSA-JeALM _bara _cSA-RiAUC _erda |
||
| 082 | 0 | 4 | _a415.1 |
| 090 |
_a415.1 _b ن ي ل |
||
| 100 | 1 |
_aالنيلي، إبراهيم بن الحسين، _dتوفي بعد 737 هجري _eمؤلف. |
|
| 245 | 1 | 2 |
_aالصفوة الصفية في شرح الدرة الألفية / _cتقي الدين إبراهيم بن الحسين ؛ تحقيق محسن بن سالم العميري. |
| 246 | 3 | 0 | _aشرح الدرة الألفية |
| 264 | 1 |
_aمكة المكرمة : _bجامعة أم القرى، _c2000 |
|
| 300 |
_a3 مجلد ؛ _c24 سم. |
||
| 336 |
_aنص _btxt _2rdacontent _3كتاب |
||
| 337 |
_aبدون وسيط _bn _2rdamedia |
||
| 338 |
_aمجلد _bnc _2rdacarrier |
||
| 440 | 0 | _aمن التراث الإسلامي | |
| 650 | 7 |
_aاللغة العربية _xنحو _2aucsh |
|
| 650 | 7 |
_aاللغة العربية _xصرف _2aucsh |
|
| 700 | 1 |
_aالعميري، محسن سالم رشيد، _d1366 هجري- _eمحقق. |
|
| 700 | 1 | 2 |
_aبن معطي، يحيى بن عبد المعطي بن عبد النور، _d564-628 هجرى _tالدرة الألفية في علم العربية. |
| 740 | 2 | 2 | _aالدرة الألفية في علم العربية. |
| 942 |
_2ddc _cBOOK _n0 |
||
| 949 |
_aSA-JeALM _d241009 _umohamedma123 _n1 |
||
| 999 |
_c1096 _d1096 |
||